000 00496nam a2200181 a 4500
001 1771666227294
003 YourLibrary
005 20260221150218.0
008 260221s2008##################000#0#eng##
020 _a9781420070471
082 0 4 _a338.6420095
_bIQB
100 1 _aSingh, D.K.,
_eauthor.
245 1 0 _aFundamentals of Manufacturing Engineering :
260 _bCRC Press,
_c2008.
650 0 _aTechnology & Engineering.
942 _cENGLISH
040 _aYourLibrary
_beng
_cYourLibrary
999 _c615273
_d615273